000
00485nam a2200145Ia 4500
008
100122s9999 xx 000 0 und d
082
_b
49994
_a
294.5921
100
_a
देशमुख श्रीकृष्ण
245
_a
छांदोग्य उपनिषद
260
_b
मोरया प्रकाशन
_c
1994
300
_a
87
630
_a
छांदोग्य उपनिषद
730
_a
छांदोग्य उपनिषद
942
_c
BOOK
999
_c
427801
_d
427798